War in space : strategy, spacepower, geopolitics /

Bibliographic Details
Main Author: Bowen, Bleddyn E. (Author)
Corporate Author: JSTOR (Organization)
Format: eBook
Language:English
Published: Edinburgh : Edinburgh University Press, [2020]
Subjects:
Online Access:Connect to the full text of this electronic book

MARC

Tag First Indicator Second Indicator Subfields
LEADER 00000nam a2200000 i 4500
001 in00004636633
006 m o d
007 cr cnu---unuuu
008 200721s2020 stk gob 001 0 eng d
005 20230619015425.1
019 |a 1176475400 
020 |a 9781474450508  |q electronic book 
020 |a 1474450504  |q electronic book 
020 |z 9781474450485  |q hardcover 
020 |z 1474450482  |q hardcover 
024 8 |a 99992472054 
035 |a (OCoLC)1176319121  |z (OCoLC)1176475400 
037 |a 22573/ctv145761q  |b JSTOR 
040 |a YDX  |b eng  |e rda  |c YDX  |d N$T  |d EBLCP  |d JSTOR  |d ANV  |d OCLCF  |d NhCcYBP 
043 |a zo----- 
050 4 |a UG1523  |b .B69 2020 
082 0 4 |a 327.0919  |2 23 
100 1 |a Bowen, Bleddyn E.,  |e author. 
245 1 0 |a War in space :  |b strategy, spacepower, geopolitics /  |c Bleddyn E. Bowen. 
246 3 0 |a Strategy, spacepower, geopolitics 
264 1 |a Edinburgh :  |b Edinburgh University Press,  |c [2020] 
264 4 |c ©2020 
300 |a 1 online resource ( xii, 316 pages) : 
336 |a text  |b txt  |2 rdacontent 
337 |a computer  |b c  |2 rdamedia 
338 |a online resource  |b cr  |2 rdacarrier 
505 0 |a Introduction -- Part I. Imperial traditions: space dominance. 1. Spacepower, empire and theory ; 2. Commanding space: bluewater foundations -- Part II. A new vision of spacepower: the celestial coastline. 3. Continental insights and strategic manoeuvring ; 4. Astroculture and geocentrism -- Part III. The influence of spacepower upon warfare. 5. Dispersal, concentration, and defence ; 6. A clash of spacepowers -- Conclusion: spacepower and international relation. 
504 |a Includes bibliographical references and index. 
588 |a Description based on online resource; title from digital title page (viewed on August 31, 2020). 
650 0 |a Space control (Military science) 
650 0 |a Space warfare. 
650 0 |a International relations. 
651 0 |a Outer space  |x Strategic aspects. 
650 7 |a International relations.  |2 fast  |0 (OCoLC)fst00977053 
650 7 |a Space control (Military science)  |2 fast  |0 (OCoLC)fst01739560 
650 7 |a Space warfare.  |2 fast  |0 (OCoLC)fst01128112 
650 7 |a Strategic aspects of individual places.  |2 fast  |0 (OCoLC)fst01355062 
651 7 |a Outer space.  |2 fast  |0 (OCoLC)fst01243437 
655 7 |a Electronic books.  |2 local 
710 2 |a JSTOR (Organization) 
776 1 8 |i Print version:  |z 1474450482  |z 9781474450485  |w (OCoLC)1117534736 
856 4 0 |u http://proxy.library.tamu.edu/login?url=https://www.jstor.org/stable/10.3366/j.ctv1453js4  |z Connect to the full text of this electronic book  |t 0 
945 |b 544490 
955 |a YBP purchased firm e-records 
999 f f |s 9a02739e-dce7-45d7-b5af-afbc0b93362a  |i 6549f099-7fbc-43d4-9f3c-60ed193e2abf  |t 0 
952 f f |a Texas A&M University  |b College Station  |c Electronic Resources  |d Available Online  |t 0  |e UG1523 .B69 2020  |h Library of Congress classification 
998 f f |a UG1523 .B69 2020  |t 0  |l Available Online